Principles Of Metal Manufacturing Processes (Record no. 31276)
[ view plain ]
| 000 -LEADER | |
|---|---|
| fixed length control field | 00366nam a22001577a 4500 |
| 003 - CONTROL NUMBER IDENTIFIER | |
| control field | OSt |
| 005 - DATE AND TIME OF LATEST TRANSACTION | |
| control field | 20220223094058.0 |
| 008 - FIXED-LENGTH DATA ELEMENTS--GENERAL INFORMATION | |
| fixed length control field | 220223b |||||||| |||| 00| 0 eng d |
| 020 ## - INTERNATIONAL STANDARD BOOK NUMBER | |
| International Standard Book Number | 9788131201336 |
| 040 ## - CATALOGING SOURCE | |
| Transcribing agency | HU |
| 082 ## - DEWEY DECIMAL CLASSIFICATION NUMBER | |
| Classification number | 671 |
| 100 ## - MAIN ENTRY--PERSONAL NAME | |
| Personal name | Beddoes J. |
| 9 (RLIN) | 31220 |
| 245 ## - TITLE STATEMENT | |
| Title | Principles Of Metal Manufacturing Processes |
| 300 ## - PHYSICAL DESCRIPTION | |
| Type of unit | 326 |
| 942 ## - ADDED ENTRY ELEMENTS (KOHA) | |
| Source of classification or shelving scheme | Dewey Decimal Classification |
| Koha item type | Books like text book referance book |
| Suppress in OPAC | No |
| Withdrawn status | Lost status | Source of classification or shelving scheme | Damaged status | Not for loan | Home library | Current library | Shelving location | Date acquired | Total Checkouts | Full call number | Barcode | Date last seen | Copy number | Price effective from | Koha item type |
|---|---|---|---|---|---|---|---|---|---|---|---|---|---|---|---|
| Dewey Decimal Classification | IoT Library | IoT Library | General Stacks | 02/23/2022 | 671/BED/1999 | IOTL0014751 | 02/23/2022 | 1 | 02/23/2022 | Books like text book referance book | |||||
| Dewey Decimal Classification | IoT Library | IoT Library | General Stacks | 02/23/2022 | 671/BED/1999 | IOTL0014752 | 02/23/2022 | 2 | 02/23/2022 | Books like text book referance book | |||||
| Dewey Decimal Classification | IoT Library | IoT Library | General Stacks | 02/23/2022 | 671/BED/1999 | IOTL0014753 | 02/23/2022 | 3 | 02/23/2022 | Books like text book referance book | |||||
| Dewey Decimal Classification | IoT Library | IoT Library | General Stacks | 02/23/2022 | 671/BED/1999 | IOTL0014754 | 02/23/2022 | 4 | 02/23/2022 | Books like text book referance book | |||||
| Dewey Decimal Classification | IoT Library | IoT Library | General Stacks | 02/23/2022 | 671/BED/1999 | IOTL0014755 | 02/23/2022 | 5 | 02/23/2022 | Books like text book referance book | |||||
| Dewey Decimal Classification | IoT Library | IoT Library | General Stacks | 02/23/2022 | 671/BED/1999 | IOTL0014756 | 02/23/2022 | 6 | 02/23/2022 | Books like text book referance book | |||||
| Dewey Decimal Classification | IoT Library | IoT Library | General Stacks | 02/23/2022 | 671/BED/1999 | IOTL0014757 | 02/23/2022 | 7 | 02/23/2022 | Books like text book referance book |